Kariera piłkarska Roberta Lewandowskiego - Statystyki

Ogólne statystyki
  • Ten quiz został rozwiązany 67 razy
  • Średni wynik to 5 z 8
Statystyki odpowiedzi
Hint Odpowiedź % Poprawnych
Klub Bayern
92%
Klub Lech Poznań
92%
Klub Borussia
85%
Klub Fc Barcelona
81%
Klub Znicz Pruszków
74%
Klub Delta Warszawa
23%
Klub Varsovia Warszawa
17%
Klub Legia Warszawa 2
15%
Nie znaleziono quizów pasujących do podanych kryteriów
Rozkład punktacji
Procent ludzi z każdym wynikiem
Percentyl według liczby udzielonych odpowiedzi
Twoja historia wyników
Nie rozwiązałeś tego quizu